Icfai university press on marketing of financial services : trends and cases (Record no. 191728)

MARC details
000 -LEADER
fixed length control field 00434nam a2200145Ia 4500
005 - DATE AND TIME OF LATEST TRANSACTION
control field 20250405111408.0
008 - FIXED-LENGTH DATA ELEMENTS--GENERAL INFORMATION
fixed length control field 231217s9999 xx 000 0 und d
020 ## - INTERNATIONAL STANDARD BOOK NUMBER
International Standard Book Number 9788131414361
082 ## - DEWEY DECIMAL CLASSIFICATION NUMBER
Classification number 658.8 ALA;2 R1
100 ## - MAIN ENTRY--PERSONAL NAME
Personal name Alagiri, Dhandapani. Mallela, Keerti ed.
245 #0 - TITLE STATEMENT
Title Icfai university press on marketing of financial services : trends and cases
260 ## - PUBLICATION, DISTRIBUTION, ETC. (IMPRINT)
Date of publication, distribution, etc. 2008
Name of publisher, distributor, etc. Icfai
Place of publication, distribution, etc. Hyderabad
300 ## - PHYSICAL DESCRIPTION
Extent vii+194
942 ## - ADDED ENTRY ELEMENTS (KOHA)
Koha item type Books
Holdings
Date last seen Total Checkouts Full call number Accession number Old discount Cost, replacement price Price effective from Category Public note Lost status Damaged status Department Withdrawn status bill no. bill date Permanent Location Current Location Shelving location Entry date Vendor Cost, normal purchase price Grants Currency symbol Conversion rate Discount Discount type
26/01/2024   658.8 ALA;2 R1 72918   38.00 26/01/2024 Books 72918     F-Block Annex   1993 05/01/2016 Central Library Central Library F-Block Library Annex 28/02/2011 ICFAI Press 38.00 MBA RS 1   Rupees

© For any Suggestions or Query, please contact the library staff @ librarian@pes.edu or Phone: +9180 2672 1983/ 2108.